| 000 | 00567nam a2200205 i 4500 | ||
|---|---|---|---|
| 001 | 140009 | ||
| 003 | ES-MaACL | ||
| 005 | 20260521123126.0 | ||
| 007 | t| | ||
| 008 | 070214s1967 sp r ||||1| spa d | ||
| 100 | 1 |
_aSchram, Stuart. _9104682 |
|
| 245 | 1 | 0 |
_aMao-Tse-Tung / _cStuart Schram ; traducción de Jaime Macein. |
| 250 | _a1ª. ed. | ||
| 260 |
_aMadrid : _bCid, _c1967. |
||
| 300 |
_a397 p. ; _c21 cm. |
||
| 600 | 1 | 7 |
_aMao, Zedong, _d1893-1976 _9170492 |
| 700 | 1 |
_aMacein, Jaime. _975137 |
|
| 852 |
_aES-MaACL _jC-50394 _bR.64617 |
||
| 999 |
_c140009 _d140009 |
||